00630nam a2200169Ia 450000500170000000800460001703700120006304000200007504100130009508400250010824500710013326000670020430000170027194200250028899900210031395201260033420250923145124.0008 250917s9999 xx 000 0 eng d aTextual aDSWLbengcDSWL aeng2eng aT.44.73, N56:qqDSWL 0aField work manualcby School of social work, Southern California  aCaliforniabSchool of social work, southern california c1956 axxv,1060 p. cTEXLhT.44.73, N56:q c1447419d1447419 00104070aDSWLbDSWLd2025-09-23iGift 13/07/1968l0oT.44.73, N56:qpSW0013063r2025-09-23 14:51:24w2025-09-23yTEXL